000 00537 a2200193 4500
260 _aRome
110 _aFOOD AND AGRICULTURE ORGANIZATION OF THE UNATED NATIONS. Rome
260 _bFAO
300 _aVI-228p.
650 _aAGRICULTURE
650 _aRECHERCHE
440 _aTraining in the CGIAR system : building human resources for research to improve food production in developing countries
260 _c1986
300 _bill. en coul.
130 _lEn
690 _aSYSTEME DE RECHERCHE
999 _c22822
_d22822